LEADER 00838nam0-22002891i-450- 001 990006156190403321 005 19980601 035 $a000615619 035 $aFED01000615619 035 $a(Aleph)000615619FED01 035 $a000615619 100 $a19980601d1993----km-y0itay50------ba 105 $a--------00-yy 200 1 $a<>reato di omissione di soccorso$fAlberto Cadoppi. 210 $aPadova$cCedam$d1993 215 $aIX,, 202 p.$d24 cm 225 1 $aDipartimento di scienze giuridiche, Università di Trento$v18 676 $a345.02 700 1$aCadoppi,$bAlberto$f<1957- >$0231121 801 0$aIT$bUNINA$gRICA$2UNIMARC 901 $aBK 912 $a990006156190403321 952 $aUNIV. 484 (18)$b24267*$fFGBC 959 $aFGBC 996 $aReato di omissione di soccorso$9645508 997 $aUNINA DB $aGIU01 LEADER 01574oam 2200433 a 450 001 9910703351303321 005 20121101110753.0 035 $a(CKB)3710000000913153 035 $a(OCoLC)807995452 035 $a(EXLCZ)993710000000913153 100 $a20120823d2012 ua 0 101 0 $aeng 135 $aurbn||||||||| 181 $ctxt$2rdacontent 182 $cc$2rdamedia 183 $acr$2rdacarrier 200 14$aThe Carcieri crisis$b[electronic resource] $ethe ripple effect on jobs, economic development, and public safety in Indian country : hearing before the Committee on Indian Affairs, United States Senate, One Hundred Twelfth Congress, first session, October 13, 2011 210 1$aWashington :$cU.S. G.P.O.,$d2012. 215 $a1 online resource (iii, 65 pages) 225 1 $aS. hrg. ;$v112-416 300 $aTitle from title screen (viewed on Aug. 23, 2012). 320 $aIncludes bibliographical references. 517 $aCarcieri crisis 606 $aIndians of North America$xLand tenure 606 $aFederal-Indian trust relationship 606 $aIndian country (United States law) 606 $aFederally recognized Indian tribes 615 0$aIndians of North America$xLand tenure. 615 0$aFederal-Indian trust relationship. 615 0$aIndian country (United States law) 615 0$aFederally recognized Indian tribes. 801 0$bGPO 801 1$bGPO 801 2$bSEN 801 2$bGPO 906 $aBOOK 912 $a9910703351303321 996 $aThe Carcieri crisis$93519254 997 $aUNINA LEADER 02958oam 2200685I 450 001 9910800096603321 005 20240131154041.0 010 $a1-280-87353-1 010 $a9786613714848 010 $a1-136-29982-3 010 $a1-136-29981-5 010 $a0-203-11660-7 024 7 $a10.4324/9780203116609 035 $a(CKB)2550000000104808 035 $a(EBL)982122 035 $a(OCoLC)798209393 035 $a(SSID)ssj0000690973 035 $a(PQKBManifestationID)12314516 035 $a(PQKBTitleCode)TC0000690973 035 $a(PQKBWorkID)10628486 035 $a(PQKB)11565438 035 $a(MiAaPQ)EBC982122 035 $a(Au-PeEL)EBL982122 035 $a(CaPaEBR)ebr10578116 035 $a(CaONFJC)MIL371484 035 $a(OCoLC)801405991 035 $a(FINmELB)ELB135501 035 $a(EXLCZ)992550000000104808 100 $a20180706d2012 uy 0 101 0 $aeng 135 $aur|n|---||||| 181 $ctxt 182 $cc 183 $acr 200 00$aLife in post-communist Eastern Europe after EU membership $ehappy ever after? /$fedited by Donnacha O Beachain, Vera Sheridan and Sabina Stan 210 1$aNew York :$cRoutledge,$d2012. 215 $a1 online resource (257 p.) 225 1 $aRoutledge contemporary Russia and Eastern Europe series ;$v37 300 $aDescription based upon print version of record. 311 $a1-138-81573-X 311 $a0-415-68084-0 320 $aIncludes bibliographical references and index. 327 $aCover; Title; Copyright; Contents; List of illustrations; List of contributors; Foreword; Acknowledgements; Introduction; 1 Poland; 2 The Czech Republic; 3 Slovakia; 4 Hungary; 5 Slovenia; 6 Lithuania; 7 Latvia; 8 Estonia; 9 Romania; 10 Bulgaria; Conclusion; Index 330 $aThis book examines how membership of the European Union has affected life in the ten former communist countries of Eastern Europe that are now members of the European Union. For each country, political, economic and social changes are described and discussed, together with people's perceptions of the effects of EU membership. Overall, the book shows how the benefits of EU membership have differed between different countries, and how perceptions about the benefits also differ and have changed over time. 410 0$aRoutledge contemporary Russia and Eastern Europe series ;$v37. 606 $aPost-communism$zEurope, Eastern 607 $aEurope, Eastern$xHistory$y1989- 607 $aEurope, Eastern$xPolitics and government$y1989- 615 0$aPost-communism 676 $a947.0009/0511 701 $aO Beachain$b Donnacha$01587359 701 $aSheridan$b Vera$01587917 701 $aStan$b Sabina$f1968-$01298303 801 0$bMiAaPQ 801 1$bMiAaPQ 801 2$bMiAaPQ 906 $aBOOK 912 $a9910800096603321 996 $aLife in post-communist Eastern Europe after EU membership$93876696 997 $aUNINA